| 000 | 00417nam a22001457a 4500 | ||
|---|---|---|---|
| 003 | OSt | ||
| 005 | 20251107125306.0 | ||
| 008 | 251107b |||||||| |||| 00| 0 eng d | ||
| 040 | _cSVYASA | ||
| 100 |
_aAsmita Kamboj _91157 |
||
| 245 | _aDevelopment and validation of yoga module for premenstrual dysphoric disorder : A Feasibility study. | ||
| 260 |
_aBangaluru _bSvyasa _c2025 |
||
| 300 | _a56 p. | ||
| 942 |
_2ddc _cD _n0 |
||
| 999 |
_c20747 _d20747 |
||